000 00279nam a22000977a 4500
999 _c11353
_d11353
008 190313b ||||| |||| 00| 0 eng d
020 _a9781841260013
100 _aBos
_97094
245 _aWalking : fitness & health through everyday activity
260 _aUK
_bMeyer & Meyer Sport
_c1999